[Event "Braila GP RO Stage 5"]
[Site "Braila"]
[Date "2022.11.06"]
[Round "10"]
[White "Daianu, Cristian Clement"]
[Black "Valeanu, Eduard Andrei"]
[Result "1/2-1/2"]
[WhiteElo "2189"]
[BlackElo "2403"]
[PlyCount "74"]
[EventDate "2022.11.05"]
[EventType "swiss (rapid)"]
[EventRounds "10"]
[EventCountry "ROU"]
[SourceTitle "EXT 2024"]
[Source "ChessBase"]
[SourceDate "2023.10.10"]
[SourceVersion "1"]
[SourceVersionDate "2023.10.10"]
[SourceQuality "1"]

1. e4 Nf6 2. e5 Nd5 3. d4 d6 4. Nf3 g6 5. Bc4 c6 6. 0-0 Bg7 7. Nc3 Nxc3 8. bxc3 d5 9. Bd3 Bg4 10. h3 Bxf3 11. Qxf3 0-0 12. h4 e6 13. Bg5 f6 14. exf6 Bxf6 15. Qg4 Bxg5 16. Qxe6+ Rf7 17. hxg5 Qxg5 18. Rab1 Qe7 19. Qg4 b5 20. Rfe1 Qf8 21. Re6 Nd7 22. Rxc6 Nf6 23. Qg5 a6 24. Re1 Kg7 25. Re3 Re8 26. Rxa6 Ne4 27. Bxe4 dxe4 28. Qxb5 Rxf2 29. Ra7+ Rf7 30. Rxf7+ Qxf7 31. Qe2 Qf4 32. d5 Rb8 33. Qf2 Qe5 34. Re1 Qxd5 35. Qd4+ Qxd4+ 36. cxd4 Rc8 37. Rxe4 Rxc2 1/2-1/2

[Event "Braila GP RO Stage 5"]
[Site "Braila"]
[Date "2022.11.06"]
[Round "6"]
[White "Gaboyan, Susanna"]
[Black "Valeanu, Eduard Andrei"]
[Result "1-0"]
[WhiteElo "2225"]
[BlackElo "2403"]
[PlyCount "79"]
[EventDate "2022.11.05"]
[EventType "swiss (rapid)"]
[EventRounds "10"]
[EventCountry "ROU"]
[SourceTitle "EXT 2024"]
[Source "ChessBase"]
[SourceDate "2023.10.10"]
[SourceVersion "1"]
[SourceVersionDate "2023.10.10"]
[SourceQuality "1"]

1. Nf3 h6 2. g3 g5 3. Bg2 g4 4. Nd4 c5 5. Nb5 Nf6 6. d4 a6 7. N5c3 cxd4 8. Qxd4 Nc6 9. Qd1 d6 10. Nd2 h5 11. h4 gxh3 12. Bxh3 Bxh3 13. Rxh3 Qd7 14. Rh4 d5 15. Nf3 e6 16. Na4 Rd8 17. Be3 Be7 18. Bb6 Ne4 19. Bxd8 Qxd8 20. Rh1 Qa5+ 21. Nc3 Bc5 22. e3 Nxc3 23. bxc3 Qxc3+ 24. Kf1 e5 25. Kg2 e4 26. Ng5 Ne7 27. Rb1 b5 28. Rxh5 Rg8 29. Rb3 Qc4 30. Nh3 Bd6 31. Qd4 Qxc2 32. Rg5 Rxg5 33. Nxg5 Qxa2 34. Rc3 b4 35. Rc1 b3 36. Qf6 b2 37. Qxf7+ Kd7 38. Qe6+ Kd8 39. Nf7+ Ke8 40. Rc8# 1-0

[Event "Braila GP RO Stage 5"]
[Site "Braila"]
[Date "2022.11.06"]
[Round "7"]
[White "Valeanu, Eduard Andrei"]
[Black "Negrean, Andrei"]
[Result "1/2-1/2"]
[WhiteElo "2403"]
[BlackElo "1991"]
[PlyCount "124"]
[EventDate "2022.11.05"]
[EventType "swiss (rapid)"]
[EventRounds "10"]
[EventCountry "ROU"]
[SourceTitle "EXT 2024"]
[Source "ChessBase"]
[SourceDate "2023.10.10"]
[SourceVersion "1"]
[SourceVersionDate "2023.10.10"]
[SourceQuality "1"]

1. b3 Nf6 2. Bb2 d5 3. f4 g6 4. Nf3 Bg7 5. e3 0-0 6. c4 c5 7. Qc1 b6 8. cxd5 Bb7 9. Be2 Nxd5 10. Bxg7 Kxg7 11. Qb2+ Kg8 12. a3 Nd7 13. 0-0 Rc8 14. b4 e6 15. Nc3 Nxc3 16. Qxc3 Nf6 17. bxc5 Rxc5 18. Qb2 Qe7 19. Ne5 Rfc8 20. Rac1 Nd7 21. Ng4 h5 22. Rxc5 Rxc5 23. d4 Rc8 24. Ne5 Nf6 25. Rc1 Rc7 26. Bf3 Bxf3 27. gxf3 Nd5 28. Rxc7 Qxc7 29. Qd2 Qc3 30. Qxc3 Nxc3 31. Kf2 Nb5 32. Nc4 Kf8 33. Ke2 Ke7 34. Kd3 f6 35. e4 Kd7 36. a4 Nc7 37. Ne3 b5 38. axb5 Nxb5 39. Kc4 Nc7 40. Ng2 Ke7 41. Kc5 Na6+ 42. Kb5 Nb8 43. Nh4 Kf7 44. f5 exf5 45. exf5 gxf5 46. Nxf5 Ke6 47. Ne3 Kd6 48. Kc4 Nc6 49. Nf5+ Kd7 50. h4 Ne7 51. Ng7 Ng6 52. Nxh5 Nxh4 53. f4 f5 54. Kc5 Ng6 55. d5 a5 56. d6 Nf8 57. Ng3 a4 58. Kb4 Kxd6 59. Nxf5+ Kd5 60. Ng3 Ne6 61. f5 Ke5 62. fxe6 Kxe6 1/2-1/2

[Event "Graz op-A"]
[Site "Graz"]
[Date "2020.02.21"]
[Round "9"]
[White "Ufimtsev, Egor"]
[Black "Valeanu, Eduard Andrei"]
[Result "1/2-1/2"]
[WhiteElo "2174"]
[BlackElo "2427"]
[PlyCount "75"]
[EventDate "2020.02.14"]
[EventType "swiss"]
[EventRounds "9"]
[EventCountry "AUT"]
[SourceTitle "CBM 195 Extra"]
[Source "ChessBase"]
[SourceDate "2020.05.31"]
[SourceVersion "1"]
[SourceVersionDate "2020.05.31"]
[SourceQuality "1"]

1. d4 Nf6 2. Nf3 c5 3. d5 e6 4. Nc3 exd5 5. Nxd5 Nxd5 6. Qxd5 Be7 7. Bg5 Nc6 8. c3 d6 9. 0-0-0 Be6 10. Bxe7 Qxe7 11. Qxd6 Bxa2 12. Qxe7+ Kxe7 13. e4 Bb3 14. Re1 Rhd8 15. Nd2 Be6 16. f4 f6 17. Bc4 Rxd2 18. Bxe6 Rxg2 19. Bd5 Rd8 20. Rhg1 Rxg1 21. Rxg1 g6 22. h4 Kf8 23. Bxc6 bxc6 24. Kc2 Re8 25. Kd3 c4+ 26. Kd4 f5 27. exf5 gxf5 28. Kxc4 Re4+ 29. Kc5 Rxf4 30. Kxc6 Rxh4 31. Rf1 f4 32. c4 Ke7 33. c5 Ke6 34. Kb7 f3 35. Rxf3 Rb4+ 36. Kxa7 Kd5 37. Rh3 Rxb2 38. Rxh7 1/2-1/2

[Event "Graz op-A"]
[Site "Graz"]
[Date "2020.02.19"]
[Round "7"]
[White "Ohanyan, Emin"]
[Black "Valeanu, Eduard Andrei"]
[Result "1-0"]
[WhiteElo "2209"]
[BlackElo "2427"]
[PlyCount "91"]
[EventDate "2020.02.14"]
[EventType "swiss"]
[EventRounds "9"]
[EventCountry "AUT"]
[SourceTitle "CBM 195 Extra"]
[Source "ChessBase"]
[SourceDate "2020.05.31"]
[SourceVersion "1"]
[SourceVersionDate "2020.05.31"]
[SourceQuality "1"]

1. e4 c5 2. Nf3 g6 3. d4 Bg7 4. Nc3 cxd4 5. Nxd4 Nc6 6. Be3 Nf6 7. Bc4 Qa5 8. 0-0 0-0 9. Bb3 d6 10. h3 Bd7 11. Nd5 Nxe4 12. Nxc6 bxc6 13. Nxe7+ Kh8 14. f3 Qe5 15. fxe4 Qxe7 16. Bd4 Rae8 17. Bxg7+ Kxg7 18. Qd4+ Qe5 19. Rad1 Re7 20. Qxd6 Bc8 21. Rf2 Qxe4 22. Qf6+ Kh6 23. Rf4 Qe3+ 24. Kh1 Re5 25. Rh4+ Rh5 26. Rxh5+ Kxh5 27. Qg7 Qh6 28. g4+ Kg5 29. Qe5+ f5 30. Kg2 Qh4 31. Qe7+ Rf6 32. Rd6 Kf4 33. Rd4+ Kg5 34. Rd6 Kf4 35. Rd4+ Kg5 36. Qe3+ f4 37. Qe5+ Kh6 38. Rxf4 Bf5 39. gxf5 Qg5+ 40. Kf2 gxf5 41. h4 Qg6 42. Qe3 Kg7 43. Qxa7+ Kh6 44. Qe7 Rd6 45. Qf8+ Kh5 46. Qxf5+ 1-0

[Event "ROM-chT2"]
[Site "Slanic Moldova"]
[Date "2017.10.04"]
[Round "5.2"]
[White "Valeanu, Eduard Andrei"]
[Black "Pop, Alexandru"]
[Result "1/2-1/2"]
[WhiteElo "2423"]
[BlackElo "2285"]
[PlyCount "142"]
[EventDate "2017.09.30"]
[EventType "team-tourn"]
[EventRounds "9"]
[EventCountry "ROU"]
[SourceTitle "CBM 181 Extra"]
[Source "ChessBase"]
[SourceDate "2017.12.12"]
[SourceVersion "1"]
[SourceVersionDate "2017.12.12"]
[SourceQuality "1"]
[WhiteTeam "Techirghiol Victoria"]
[BlackTeam "Otopeni"]
[WhiteTeamCountry "ROU"]
[BlackTeamCountry "ROU"]

1. e4 e5 2. Nf3 Nc6 3. Bb5 a6 4. Ba4 Nf6 5. 0-0 Be7 6. Re1 b5 7. Bb3 d6 8. c3 0-0 9. h3 Nb8 10. d4 Nbd7 11. Nbd2 Bb7 12. Bc2 Re8 13. Nf1 Bf8 14. Ng3 g6 15. a4 c5 16. d5 c4 17. Be3 Qc7 18. Nh2 Bg7 19. Ng4 Nxg4 20. hxg4 Reb8 21. Qd2 Bc8 22. Ra2 Nc5 23. f3 Nxa4 24. Bxa4 bxa4 25. Rxa4 Bd7 26. Ra2 a5 27. Rea1 a4 28. Qe2 Rb7 29. g5 Bf8 30. Nf1 Rab8 31. Bc1 Be7 32. g3 Bd8 33. Kg2 Qc8 34. f4 Bb6 35. Ne3 Bxe3 36. Bxe3 Rb3 37. Rh1 a3 38. Bc1 axb2 39. Bxb2 Bg4 40. Qd2 Qc5 41. Rha1 Qb6 42. Ba3 Rb1 43. Rxb1 Qxb1 44. Bxd6 Qxe4+ 45. Kh2 Rd8 46. fxe5 Bf3 47. Rb2 Qxd5 48. Qxd5 Bxd5 49. Be7 Ra8 50. Kg1 Re8 51. Bf6 Be6 52. Kf2 Rc8 53. Ke3 Kf8 54. Kd4 Kg8 55. Rb7 Kf8 56. Be7+ Ke8 57. Ra7 Rc6 58. Bf6 Rc8 59. Re7+ Kf8 60. Rb7 Ke8 61. Ke3 Ra8 62. Re7+ Kf8 63. Rc7 Rc8 64. Be7+ Ke8 65. Ra7 Rc6 66. Kd2 Rc8 67. Kc2 Bd5 68. Bd6 Ra8 69. Re7+ Kd8 70. Kd2 Be6 71. Ke2 Ra5 1/2-1/2

[Event "ROM-chT"]
[Site "Mamaia"]
[Date "2013.09.01"]
[Round "2.2"]
[White "Valeanu, Eduard Andrei"]
[Black "Petrisor, Adrian Marian"]
[Result "1/2-1/2"]
[WhiteElo "2456"]
[BlackElo "2401"]
[PlyCount "33"]
[EventDate "2013.08.31"]
[EventType "team-tourn"]
[EventRounds "9"]
[EventCountry "ROU"]
[SourceTitle "CBM 156 Extra"]
[Source "ChessBase"]
[SourceDate "2013.10.22"]
[SourceVersion "1"]
[SourceVersionDate "2013.10.22"]
[SourceQuality "1"]
[WhiteTeam "Techirghiol Victoria"]
[BlackTeam "Resita Muncitorul"]
[WhiteTeamCountry "ROU"]
[BlackTeamCountry "ROU"]

1. e4 e5 2. Nf3 Nf6 3. Nc3 Nc6 4. d4 exd4 5. Nxd4 Bb4 6. Nxc6 bxc6 7. Bd3 d5 8. exd5 0-0 9. 0-0 cxd5 10. Bg5 c6 11. Qf3 Be7 12. Rae1 Rb8 13. b3 Bb4 14. Bd2 Be6 15. h3 c5 16. Re2 Qd7 17. Re5 1/2-1/2

[Event "Dublin Easter e2e4 op"]
[Site "Dublin"]
[Date "2012.04.09"]
[Round "9"]
[White "Valeanu, Eduard Andrei"]
[Black "Romero Holmes, Alfonso"]
[Result "1/2-1/2"]
[WhiteElo "2461"]
[BlackElo "2501"]
[PlyCount "49"]
[EventDate "2012.04.05"]
[EventType "swiss"]
[EventRounds "9"]
[EventCountry "IRL"]
[SourceTitle "CBM 147 Extra"]
[Source "ChessBase"]
[SourceDate "2012.04.24"]
[SourceVersion "1"]
[SourceVersionDate "2012.04.24"]
[SourceQuality "1"]

1. e4 e6 2. d4 d5 3. Nc3 Bb4 4. e5 Ne7 5. a3 Bxc3+ 6. bxc3 b6 7. Qg4 Ng6 8. h4 h5 9. Qd1 Ba6 10. Bg5 Qc8 11. Bd3 Bxd3 12. cxd3 c5 13. Ne2 c4 14. 0-0 Ne7 15. Ng3 g6 16. Rb1 Nd7 17. Qe2 cxd3 18. Qxd3 Qc6 19. Rfc1 Rc8 20. Qa6 Qc4 21. Qxa7 Nc6 22. Qb7 Na5 23. Qa7 Nc6 24. Qb7 Na5 25. Qa7 1/2-1/2

[Event "Dublin Easter e2e4 op"]
[Site "Dublin"]
[Date "2012.04.06"]
[Round "2"]
[White "Firstov, Juri"]
[Black "Valeanu, Eduard Andrei"]
[Result "1/2-1/2"]
[WhiteElo "2264"]
[BlackElo "2461"]
[PlyCount "61"]
[EventDate "2012.04.05"]
[EventType "swiss"]
[EventRounds "9"]
[EventCountry "IRL"]
[SourceTitle "CBM 147 Extra"]
[Source "ChessBase"]
[SourceDate "2012.04.24"]
[SourceVersion "1"]
[SourceVersionDate "2012.04.24"]
[SourceQuality "1"]

1. c4 e5 2. g3 Nf6 3. Bg2 Nc6 4. Nc3 Bb4 5. e4 0-0 6. Nge2 d6 7. d3 a5 8. 0-0 Bc5 9. h3 Nd4 10. Kh2 c6 11. f4 h6 12. Nxd4 Bxd4 13. Qe2 Re8 14. Be3 Bxe3 15. Qxe3 Qe7 16. Rad1 Nd7 17. Rf2 f6 18. Bf3 Nc5 19. Bh5 Rd8 20. Qf3 Be6 21. Bg4 Rd7 22. d4 Bxg4 23. Qxg4 exd4 24. Rxd4 Rad8 25. Rfd2 Qe6 26. Qxe6+ Nxe6 27. R4d3 Nc5 28. Rd4 Kf7 29. Kg2 Ne6 30. R4d3 Nc5 31. Rd4 1/2-1/2

[Event "EU-Cup 27th"]
[Site "Rogaska Slatina"]
[Date "2011.10.01"]
[Round "7"]
[White "Townsend, M Paul"]
[Black "Valeanu, Eduard Andrei"]
[Result "1-0"]
[WhiteElo "2253"]
[BlackElo "2477"]
[PlyCount "91"]
[EventDate "2011.09.25"]
[EventType "team-swiss"]
[EventRounds "7"]
[EventCountry "SLO"]
[SourceTitle "CBM 145"]
[Source "ChessBase"]
[SourceDate "2011.11.11"]
[SourceVersion "1"]
[SourceVersionDate "2011.11.11"]
[SourceQuality "1"]
[WhiteTeam "White Rose"]
[BlackTeam "Adare"]
[WhiteTeamCountry "ENG"]
[BlackTeamCountry "IRL"]

1. d4 d5 2. Nf3 c6 3. c4 e6 4. e3 f5 5. Bd3 Nf6 6. 0-0 Bd6 7. b3 Qe7 8. Bb2 0-0 9. Qc1 b6 10. Ba3 c5 11. cxd5 exd5 12. Nc3 Na6 13. Rd1 Nc7 14. dxc5 bxc5 15. Qc2 Kh8 16. Rac1 Ne4 17. Bf1 Bb7 18. Nxe4 fxe4 19. Nd4 Qf6 20. Bxc5 Bxc5 21. Qxc5 Qxf2+ 22. Kh1 Rf7 23. Qc3 Raf8 24. Qe1 Qxa2 25. Be2 Qa3 26. Qg3 Qa5 27. h3 Qb6 28. Bh5 g6 29. Qe5+ Kg8 30. Bg4 Re8 31. Qg5 Nb5 32. Nf5 Rxf5 33. Bxf5 Re5 34. g4 Qd6 35. Rc2 d4 36. b4 Kg7 37. Rc5 h6 38. Qf4 Rxc5 39. Qxd6 Nxd6 40. bxc5 Nxf5 41. gxf5 d3 42. Ra1 gxf5 43. Rxa7 f4 44. Kg2 fxe3 45. Rxb7+ Kf6 46. Rd7 1-0

[Event "EU-Cup 27th"]
[Site "Rogaska Slatina"]
[Date "2011.09.30"]
[Round "6"]
[White "Jensen, Bjarke"]
[Black "Valeanu, Eduard Andrei"]
[Result "0-1"]
[WhiteElo "2292"]
[BlackElo "2477"]
[PlyCount "78"]
[EventDate "2011.09.25"]
[EventType "team-swiss"]
[EventRounds "7"]
[EventCountry "SLO"]
[SourceTitle "CBM 145"]
[Source "ChessBase"]
[SourceDate "2011.11.11"]
[SourceVersion "1"]
[SourceVersionDate "2011.11.11"]
[SourceQuality "1"]
[WhiteTeam "Jetsmark"]
[BlackTeam "Adare"]
[WhiteTeamCountry "DEN"]
[BlackTeamCountry "IRL"]

1. e4 c5 2. Nf3 Nc6 3. d4 cxd4 4. Nxd4 g6 5. Nc3 Bg7 6. Be3 Nf6 7. Bc4 0-0 8. Bb3 d6 9. f3 Bd7 10. Qd2 Nxd4 11. Bxd4 b5 12. h4 a5 13. h5 a4 14. Bd5 b4 15. Ne2 e5 16. h6 Bh8 17. Bxa8 exd4 18. Bd5 Nxd5 19. exd5 Qb6 20. Rh4 a3 21. Rb1 b3 22. bxa3 Qd8 23. Rxd4 bxa2 24. Ra1 Qb6 25. Qb4 Qxb4+ 26. axb4 Bb5 27. Rxa2 Bxe2 28. Re4 Bb5 29. c4 f5 30. cxb5 fxe4 31. b6 Bc3+ 32. Ke2 exf3+ 33. gxf3 Rb8 34. Kd3 Bxb4 35. Ra7 Rxb6 36. Ra8+ Kf7 37. Ra7+ Kf6 38. Rxh7 Rb8 39. f4 g5 0-1

[Event "EU-Cup 27th"]
[Site "Rogaska Slatina"]
[Date "2011.09.27"]
[Round "3"]
[White "Jorgensen, Brian"]
[Black "Valeanu, Eduard Andrei"]
[Result "0-1"]
[WhiteElo "2254"]
[BlackElo "2477"]
[PlyCount "74"]
[EventDate "2011.09.25"]
[EventType "team-swiss"]
[EventRounds "7"]
[EventCountry "SLO"]
[SourceTitle "CBM 145"]
[Source "ChessBase"]
[SourceDate "2011.11.11"]
[SourceVersion "1"]
[SourceVersionDate "2011.11.11"]
[SourceQuality "1"]
[WhiteTeam "Copenhagen K41"]
[BlackTeam "Adare"]
[WhiteTeamCountry "DEN"]
[BlackTeamCountry "IRL"]

1. d4 Nf6 2. c4 e6 3. Nc3 Bb4 4. Qc2 0-0 5. a3 Bxc3+ 6. Qxc3 b6 7. Nf3 Bb7 8. g3 d6 9. Bg2 Nbd7 10. b4 Ne4 11. Qc2 f5 12. Ng5 Qf6 13. 0-0 Qg6 14. Nh3 Qf7 15. Ng5 Qg6 16. Nh3 a5 17. Bb2 Qf7 18. Ng5 Qg6 19. Nh3 Qh6 20. c5 bxc5 21. bxc5 dxc5 22. dxc5 Bc6 23. Nf4 e5 24. Nd3 Rae8 25. f4 exf4 26. gxf4 Qg6 27. Rf3 Qe6 28. Rd1 Bd5 29. Ne5 Ndxc5 30. Rxd5 Qxd5 31. Rg3 Re7 32. Rc3 Rd8 33. Bf3 Qd1+ 34. Kg2 Qe1 35. Nd3 Nxd3 36. exd3 Nd2 37. Qd1 Nxf3 0-1

[Event "ROM-chT"]
[Site "Baile Herculane"]
[Date "2010.09.04"]
[Round "1"]
[White "Fedorov, Alexei"]
[Black "Valeanu, Eduard Andrei"]
[Result "1/2-1/2"]
[WhiteElo "2599"]
[BlackElo "2483"]
[PlyCount "98"]
[EventDate "2010.09.04"]
[EventType "team-tourn"]
[EventRounds "9"]
[EventCountry "ROU"]
[SourceTitle "CBM 138 Extra"]
[Source "ChessBase"]
[SourceDate "2010.10.29"]
[SourceVersion "1"]
[SourceVersionDate "2010.10.29"]
[SourceQuality "1"]

1. e4 c5 2. Nf3 d6 3. d4 cxd4 4. Nxd4 Nf6 5. Nc3 a6 6. f4 e5 7. Nf3 Nbd7 8. a4 Be7 9. Bc4 0-0 10. 0-0 exf4 11. Bxf4 Qb6+ 12. Qd4 Qxd4+ 13. Nxd4 Ne5 14. Bb3 Bd7 15. Nf5 Bxf5 16. exf5 Rac8 17. Rad1 Rfd8 18. Rfe1 Kf8 19. Nd5 Nxd5 20. Rxd5 Nc4 21. Bc1 Bf6 22. c3 Nb6 23. Rd3 Be5 24. Rh3 h6 25. Re4 Nd7 26. Rb4 b6 27. Be3 Rb8 28. Bd5 Rdc8 29. Rhh4 Nc5 30. Rh3 Nd3 31. Rb3 Nf4 32. Bxf4 Bxf4 33. Rf3 Be5 34. g3 Rc5 35. Rd3 Ke7 36. Kg2 Kf6 37. Rb4 a5 38. Rc4 Rxc4 39. Bxc4 Kxf5 40. Rf3+ Ke4 41. Bd3+ Kd5 42. Rxf7 Ke6 43. Rc7 d5 44. Rc6+ Bd6 45. Kh3 Ke5 46. Kg4 Be7 47. Rc7 Kd6 48. Ra7 Bf6 49. Bb5 d4 1/2-1/2

[Event "ROM-chT"]
[Site "Eforie Nord"]
[Date "2009.09.25"]
[Round "7"]
[White "Ionesi, Cristian"]
[Black "Valeanu, Eduard Andrei"]
[Result "0-1"]
[WhiteElo "2293"]
[BlackElo "2457"]
[PlyCount "80"]
[EventDate "2009.09.19"]
[EventType "team"]
[EventRounds "9"]
[EventCountry "ROU"]
[SourceTitle "CBM 132 Extra"]
[Source "ChessBase"]
[SourceDate "2009.11.03"]
[SourceVersion "1"]
[SourceVersionDate "2009.11.03"]
[SourceQuality "1"]

1. e4 c5 2. Nc3 g6 3. g3 Bg7 4. Bg2 Nc6 5. d3 d6 6. f4 Nf6 7. Nf3 0-0 8. 0-0 Rb8 9. Nh4 Nd4 10. f5 b5 11. Bg5 b4 12. Nb1 Nd7 13. Nd2 Ne5 14. Kh1 Ba6 15. b3 h6 16. Be3 e6 17. a3 g5 18. Nhf3 Ndxf3 19. Nxf3 Nxd3 20. cxd3 Bxa1 21. Qxa1 Bxd3 22. Nd2 Bxf1 23. Bxf1 exf5 24. axb4 Rxb4 25. Bc4 Re8 26. Qxa7 Qe7 27. Qa1 fxe4 28. Qf1 Kg7 29. Qf5 Qf6 30. Qd5 Re5 31. Qa8 Qf5 32. Qc6 Qg6 33. Qd7 Rb8 34. Nf1 Qf6 35. Kg1 Rd8 36. Qa7 d5 37. Bxc5 dxc4 38. Bd4 Rxd4 39. Qxd4 cxb3 40. Nd2 e3 0-1

[Event "Bucharest Romgaz op 2nd"]
[Site "Bucharest"]
[Date "2008.09.18"]
[Round "8"]
[White "Valeanu, Eduard Andrei"]
[Black "Bachmann, Axel"]
[Result "0-1"]
[WhiteElo "2440"]
[BlackElo "2511"]
[PlyCount "72"]
[EventDate "2008.09.11"]
[EventType "swiss"]
[EventRounds "9"]
[EventCountry "ROU"]
[SourceTitle "CBM 126 Extra"]
[Source "ChessBase"]
[SourceDate "2008.11.05"]
[SourceVersion "1"]
[SourceVersionDate "2008.11.05"]
[SourceQuality "1"]

1. e4 c5 2. Nf3 e6 3. d4 cxd4 4. Nxd4 a6 5. Nc3 Qc7 6. Be3 Nc6 7. Qd2 Nf6 8. 0-0-0 b5 9. Bf4 Qb6 10. e5 Qxd4 11. Qxd4 Nxd4 12. exf6 Nc6 13. fxg7 Bxg7 14. Bd6 Bxc3 15. bxc3 Bb7 16. a4 bxa4 17. h4 Ne7 18. Rh3 Rg8 19. f3 Rc8 20. c4 f5 21. h5 Bc6 22. Rh4 Ra8 23. Kb2 Ra7 24. Ka3 Rb7 25. Rf4 Rg5 26. Rh4 Kf7 27. Ka2 Ng8 28. Bf4 Rg7 29. Rd2 Nf6 30. Bd3 Rg8 31. Rh1 d5 32. c5 Bb5 33. Bxb5 axb5 34. Ka3 b4+ 35. Kxa4 b3 36. Ka3 b2 0-1

[Event "Bucharest Romgaz op 2nd"]
[Site "Bucharest"]
[Date "2008.09.16"]
[Round "6"]
[White "Valeanu, Eduard Andrei"]
[Black "Sergeev, Vladimir"]
[Result "1/2-1/2"]
[WhiteElo "2440"]
[BlackElo "2508"]
[PlyCount "56"]
[EventDate "2008.09.11"]
[EventType "swiss"]
[EventRounds "9"]
[EventCountry "ROU"]
[SourceTitle "CBM 126 Extra"]
[Source "ChessBase"]
[SourceDate "2008.11.05"]
[SourceVersion "1"]
[SourceVersionDate "2008.11.05"]
[SourceQuality "1"]

1. e4 Nf6 2. e5 Nd5 3. d4 d6 4. Nf3 c6 5. Be2 Bg4 6. 0-0 Bxf3 7. Bxf3 dxe5 8. dxe5 e6 9. Nd2 Be7 10. Re1 Nd7 11. a4 Qc7 12. Nc4 0-0 13. g3 Rfd8 14. Qe2 N5b6 15. Nd2 a5 16. Bg2 Nc5 17. Qg4 Rd7 18. Nf3 Qd8 19. h4 Nd5 20. Ng5 Nb4 21. Qh5 Bxg5 22. Bxg5 Qf8 23. Qe2 h6 24. Be3 Nd5 25. Bd2 Nb4 26. Be3 Nd5 27. Bd2 Nb4 28. Be3 Nd5 1/2-1/2

[Event "Bucharest Romgaz op 2nd"]
[Site "Bucharest"]
[Date "2008.09.14"]
[Round "4"]
[White "Valeanu, Eduard Andrei"]
[Black "Bulmaga, Irina"]
[Result "1/2-1/2"]
[WhiteElo "2440"]
[BlackElo "2157"]
[PlyCount "116"]
[EventDate "2008.09.11"]
[EventType "swiss"]
[EventRounds "9"]
[EventCountry "ROU"]
[SourceTitle "CBM 126 Extra"]
[Source "ChessBase"]
[SourceDate "2008.11.05"]
[SourceVersion "1"]
[SourceVersionDate "2008.11.05"]
[SourceQuality "1"]

1. e4 c6 2. d4 d5 3. e5 Bf5 4. Nf3 e6 5. Be2 Ne7 6. 0-0 Nd7 7. Nbd2 c5 8. dxc5 Nc6 9. Bb5 Bxc5 10. Nb3 0-0 11. Nxc5 Nxc5 12. b3 Nd7 13. Bxc6 bxc6 14. Nd4 Nxe5 15. Re1 Qd6 16. Bf4 f6 17. Qe2 Rae8 18. Bxe5 fxe5 19. Qxe5 Qxe5 20. Rxe5 c5 21. Nxf5 Rxf5 22. Rxf5 exf5 23. Kf1 Kf7 24. Rd1 Rd8 25. Ke2 Kf6 26. Kd3 Ke6 27. Re1+ Kd6 28. f4 g6 29. h4 Rb8 30. c3 a5 31. Kc2 h6 32. Re5 h5 33. Re3 Kd7 34. a4 Rb6 35. Re5 Rd6 36. g3 Kc7 37. Kd3 Kb6 38. Re8 d4 39. cxd4 Rxd4+ 40. Kc3 Re4 41. Rb8+ Kc6 42. Kd3 Rd4+ 43. Kc2 Re4 44. Ra8 Kb6 45. Rd8 Kc6 46. Kd3 Rb4 47. Kc3 Re4 48. Rd3 Kc7 49. Kd2 Kc6 50. Kc3 Kc7 51. Kc2 Kc6 52. Rd8 Re3 53. Rd3 Rxd3 54. Kxd3 Kd5 55. Kc3 Kd6 56. Kd3 Kd5 57. Kc3 Kd6 58. Kc4 Kc6 1/2-1/2

[Event "Bucharest Romgaz op 2nd"]
[Site "Bucharest"]
[Date "2008.09.12"]
[Round "2"]
[White "Valeanu, Eduard Andrei"]
[Black "Tuchila, Vasile"]
[Result "1-0"]
[WhiteElo "2440"]
[BlackElo "2063"]
[PlyCount "85"]
[EventDate "2008.09.11"]
[EventType "swiss"]
[EventRounds "9"]
[EventCountry "ROU"]
[SourceTitle "CBM 126 Extra"]
[Source "ChessBase"]
[SourceDate "2008.11.05"]
[SourceVersion "1"]
[SourceVersionDate "2008.11.05"]
[SourceQuality "1"]

1. e4 e5 2. Nf3 Nc6 3. d4 exd4 4. Nxd4 Bc5 5. Be3 Qf6 6. Nb5 Bxe3 7. fxe3 Kd8 8. N1c3 Nge7 9. Qd2 a6 10. Nd4 d6 11. 0-0-0 Bd7 12. h3 b5 13. g4 Qe5 14. Nf3 Qc5 15. Nd5 f6 16. g5 Nxd5 17. exd5 Ne5 18. Qf2 Nc4 19. Bxc4 bxc4 20. gxf6 gxf6 21. Ng5 Kc8 22. Ne4 Qb6 23. Rd4 f5 24. Nf6 Rb8 25. c3 Qb5 26. Rg1 Rf8 27. Nxh7 Rf7 28. Rg8+ Kb7 29. Rxb8+ Kxb8 30. Ng5 Re7 31. h4 Re5 32. Qf3 c5 33. Rd2 Qb7 34. Nf7 Re7 35. Nxd6 Qc7 36. Nxc4 Re4 37. b3 Rxh4 38. d6 Qd8 39. Qd5 Qc8 40. Nb6 Qc6 41. Qxc6 Bxc6 42. d7 Rh1+ 43. Kb2 1-0